| 000 | 00349nam a2200121 i 4500 | ||
|---|---|---|---|
| 001 | bg | ||
| 245 | 0 | _aIV Lubelska konferencja problemowa nt.Nowe rozwiązania oraz wdrożenia z zakresu postępu technicznego w budownictwie. | |
| 260 |
_aLublin, _c1989. |
||
| 040 | _cBPK | ||
| 041 | _apol | ||
| 942 | _cKS | ||
| 008 | s pl f |000 0 pol | ||
| 999 |
_c29151 _d29151 |
||
| 856 |
_uhttp://koha.tu.koszalin.pl/cgi-bin/koha/opac-detail.pl?biblionumber=29151 _yKatalog online BPK |
||